Normal view MARC view
  • Ausstellung Schneider + Schumacher

Entry Meeting Name

Number of records used in: 1

001 - CONTROL NUMBER

  • control field: 120539

003 - CONTROL NUMBER IDENTIFIER

  • control field: NUST

005 - DATE AND TIME OF LATEST TRANSACTION

  • control field: 20240215115656.0

008 - FIXED-LENGTH DATA ELEMENTS

  • fixed length control field: 240215|| aca||aabn | a|a d

040 ## - CATALOGING SOURCE

  • Original cataloging agency: NUST
  • Transcribing agency: NUST

111 ## - HEADING--MEETING NAME

  • Meeting name or jurisdiction name as entry element: Ausstellung Schneider + Schumacher
  • Date of meeting: (2011-2012 :
  • Location of meeting: Frankfurt am Main, Germany)

670 ## - SOURCE DATA FOUND

  • Source citation: Work cat.: (NUST): Schneider + Schumacher, Architekten. 120530, Schneider+Schumacher /, c2011.
© 2023 Central Library, National University of Sciences and Technology. All Rights Reserved.